| 000 | 01025cab a2200241 4500 | ||
|---|---|---|---|
| 001 | ABS57958 | ||
| 008 | 090401t1997 xxu||||| |||| 00| 0 eng d | ||
| 035 | _a(Sirsi) u82320 | ||
| 041 | _aeng | ||
| 100 | _aWard, C. | ||
| 245 | _aAlerting landlords to benefit fraud | ||
| 260 | _c1997 | ||
| 350 | _a0 | ||
| 490 |
_aValuer (ISVA) _v66(6) November/December 1997, 24(1) |
||
| 520 | _aThe Housing Benefit Regulations make private landlords responsible for refunding overpaid benefits received by them, even if the landlord may have had no reason to doubt a claimant`s eligibility. Draws attention to new anti-fraud measures in the Social Security Administration (Fraud) Act 1997 and to ways landlords can protect themselves against claims. | ||
| 650 | _aBENEFIT FRAUD | ||
| 650 | _aDSS | ||
| 650 | _aHOUSING BENEFIT | ||
| 650 | _aSOCIAL SECURITY ADMINISTRATION (FRAUD) ACT 1997 | ||
| 690 | _aPROPERTY-RESIDENTIAL PROPERTY-RESIDENTIAL LANDLORD AND TENANT-RESIDENTIAL TENANCIES | ||
| 942 | _n0 | ||
| 948 | _c25/11/1997 | ||
| 999 |
_c51954 _d51954 |
||